| 000 | 00676nam a22002291a 4500 | ||
|---|---|---|---|
| 001 | 22596 | ||
| 003 | CZ PrNK | ||
| 005 | 20260401145756.0 | ||
| 008 | 040719s1970 xo slo | ||
| 040 |
_aABA001 _bcze _cABA001 _dABA001 |
||
| 041 | 1 |
_aslo _hpol |
|
| 100 | 1 |
_aWernic, Wiesław, _d1906-1986 _4aut |
|
| 245 | 1 | 0 |
_aŠerif z Fort Bentonu / _cWiesłav Wernic ; Z poľ. orig. Szeryf z Fort Benton prel. Viera Havránková ; Il. Ondrej Zimka |
| 250 | _a1. vyd. | ||
| 260 |
_aBratislava : _bMladé letá, _c1970 |
||
| 300 |
_a275 s. ; _c8° |
||
| 490 | 1 | _aStopy | |
| 500 | _aPre čitateľov od 11 rokov | ||
| 830 | 0 | _aStopy | |
| 910 | _aABA001 | ||
| 942 |
_2ddc _cKLDO _n0 |
||
| 999 |
_c22596 _d22596 |
||